=LDR 00000nam 2200000 4500 =001 INLIS000000000810546 =005 20260429100332 =035 ##$$a 0010-0426000021 =007 ta =008 260429###########################0###### =082 ##$$a 297.27 =084 ##$$a 297.27 MUH d =100 #$$a Muhammad Sholih Al Munajid =245 1#$$a Dzohirotu dho'ful Iman =250 ##$$a Cet. 1 =260 ##$$a Makkah, Arab Saudi,$c 2017M / 1437H =300 ##$$a 87 hlm. ; $c 17 cm